| 000 | 00764cam a22002535a 4500 | ||
|---|---|---|---|
| 001 | 2837290 | ||
| 005 | 20180129112325.0 | ||
| 008 | 850910s1984 enka frb 001 0 eng d | ||
| 020 | _a0631133968 | ||
| 040 |
_aDLC _cDLC _dDLC _dEG-ScBUE _beng |
||
| 082 | 0 | 4 |
_a307.3 _222 _bBAD |
| 100 | 1 | _aBadcock, Blair. | |
| 245 | 1 | 0 |
_aUnfairly structured cities / _cBlair Badcock. |
| 260 |
_aOxford : _bBasil Blackwell, _c1984. |
||
| 300 |
_axiii, 395 p. : _bill. ; _c24 cm. |
||
| 504 | _aIncludes bibliographical references and index. | ||
| 650 | 7 |
_aCities and towns. _2BUEsh _910163 |
|
| 650 | 7 |
_aCapitalism. _2BUEsh _939756 |
|
| 650 | 7 |
_aUrbanization. _2BUEsh |
|
| 650 | 7 |
_aEquality. _2BUEsh |
|
| 650 | 7 |
_aUrban policy. _2BUEsh |
|
| 653 |
_bGGEN _cJanuary2018 |
||
| 942 | _2ddc | ||
| 999 |
_c26032 _d26004 |
||